Lire la Ville: fragments d`une archéologie littéraire de Rome antique

保存先:
書誌詳細
第一著者: Nelis, Damien (auteur)
その他の著者: Royo, Manuel (auteur)
フォーマット: 図書
言語:フランス語
英語
出版事項: Burdeos Ausonius 2014
版:1a. ed
シリーズ:ScriptaAntiqua, 65
主題:
タグ: タグ追加
タグなし, このレコードへの初めてのタグを付けませんか!

MARC

LEADER 00000cam a2200000 a 4500
001 UCC5996
003 CL-VaPUC
005 20240611105644.0
008 181116e20140000fr |||||||||||||||||fre|d
999 |c 373077  |d 373075 
020 |a 9782356131157 
040 |c Pontificia Universidad Católica de Valparaíso 
041 0 7 |a fre  |2 CL-VaPUC 
041 0 7 |a eng  |2 CL-VaPUC 
082 0 4 |a 937.01  |b NEL  |2 21 
100 |a Nelis, Damien  |e auteur  |9 600433 
245 1 0 |a Lire la Ville: fragments d`une archéologie littéraire de Rome antique 
250 |a 1a. ed 
260 |a Burdeos  |b Ausonius  |c 2014 
300 |a 303 p 
490 0 |a ScriptaAntiqua, 65 
583 |a last modification  |c 20181116 13:40:00  |k Rodrigo Vera 
650 7 |a HISTORIA DE ROMA ANTIGUA  |2 CL-VaPUC  |9 541459 
650 0 |a Historia antigua  |9 267521 
650 0 |a Arqueología   |9 265619 
650 0 |a Literatura latina   |9 258055 
700 |a Royo, Manuel  |e auteur  |9 874717 
942 |c BK  |2 ddc 
945 |d 20181116 13:40:00  |a dcastane 
952 |0 0  |1 0  |3 erb  |4 0  |6 937_010000000000000_NEL_2014  |7 0  |8 A  |9 491008  |a BIBHIS  |b BIBHIS  |i 5513979  |o 937.01 NEL 2014  |p 5513979  |r 2025-01-20  |w 2019-11-24  |y BK  |z Catalogado en:20181116  |k HIS